| 000 | 01094nam a2200265Ia 4500 | ||
|---|---|---|---|
| 003 | GCL | ||
| 008 | 140319s9999 xx 000 0 ara d | ||
| 020 | _a1231585977 | ||
| 040 |
_aGCL / _cGCL |
||
| 082 | 0 | 4 |
_aق _b932 _bا ص |
| 100 | 1 | _aامال العمرى | |
| 245 | 1 | 0 |
_aالصحراء المصرية جبانة البجوات فى الواحة الخارجة / _cامال العمرى |
| 700 | 1 | _aعبدالرحمن عبدالتواب | |
| 700 | 1 | _aاحمد فخرى | |
| 260 |
_aالقاهرة : _bهيئة الاثار المصرية ، _c1989 |
||
| 300 |
_a428 ص ؛ _c22 سم |
||
| 490 |
_aسلسلة الثقافة الاثرية والتاريخية مشروع المائة كتاب _v14 |
||
| 650 | 0 | 4 | _aالمقابر |
| 650 | 0 | 4 | _aمصر القديمة |
| 650 | 0 | 4 | _aالفن المصرى القديم |
| 650 | 0 | 4 | _aالواحات الخارجة |
| 650 | 0 | 4 | _aمصر القديمة - تاريخ - الدولة الوسطى ( 2260-1580 ق. م ) |
| 650 | 0 | 4 | _aمصر القديمة - تاريخ - الدولة الحديثة ( 1580 - 525 ق . م ) |
| 942 |
_2ddc _cBK |
||
| 999 |
_c52937 _d52937 |
||